000
00301nam a22001337a 4500
008
170721b xxu||||| |||| 00| 0 eng d
020
_a
9780072263510
041
_a
eng
080
_a
004
100
_a
28
101
_a
SHKI
245
_a
MICROSOFT WINDOWS SERVER 2008
_c
MATTHEWS, M
942
_2
udc
_c
BK
999
_c
21755
_d
21755